|
|
|
|
| LEADER |
02225nem a22004212a 4500 |
| 001 |
mzk03001085817 |
| 003 |
CZ BrMZK |
| 005 |
20160519091346.0 |
| 007 |
aj|aa||| |
| 008 |
110201s1830 xr |||||||a|||r|0|||gerod |
| 034 |
1 |
|
|a a
|b 120000
|d E0141507
|e E0144000
|f N0490615
|g N0483251
|
| 040 |
|
|
|a BOA001
|b cze
|
| 043 |
|
|
|a e-xr---
|a e-xr-cc
|
| 072 |
|
7 |
|a 912:904
|x Staré mapy
|2 Konspekt
|9 7
|
| 080 |
|
|
|a (437.31-13)
|2 MRF
|
| 080 |
|
|
|a (084.3)
|2 MRF
|
| 100 |
1 |
|
|a Haase von Wranau, Andreas,
|d 1804-1864
|7 jx20080910014
|4 aut
|
| 245 |
1 |
0 |
|a Plan der k. k. Chaussée und der im Bau begriffenen Eisenbahn von Budweis bis zum Scheidungspunkte bei Leopoldschlag nebst ihren nächsten Umgebungen
|h [kartografický dokument]
|
| 255 |
|
|
|a Měřítko [ca 1:120 000]. 9,8 cm = 7000 Längen Massstab des Profil der Eisenbahn und der k.k. Chaussée 1 Zoll 1200 Klaf. 10,4 cm = 6000 Massstab für den Grundriss der Eisenbahn 1 W. Zoll = 1000 Klafter. = 600 Höhen Massstab des Profils der Eisenbahn und der k.k. Chaussée 1 = 100°
|c (014°15´07" v.d.--014°40´00" v.d./049°06´15" s.š.--048°32´51" s.š.)
|
| 260 |
|
|
|a [Prag :
|b Haase,
|c 1830?]
|
| 300 |
|
|
|a 1 mapa :
|b litografie ;
|c 27,5 x 40,5 cm na listu 29,5 x 42 cm
|
| 500 |
|
|
|a Pod mapou tratě její dva profily
|
| 500 |
|
|
|a Výzdoba: U horního okraje název
|
| 510 |
3 |
|
|a IKAR
|
| 651 |
|
7 |
|a Čechy jižní (Česko)
|7 ge131648
|2 czenas
|
| 655 |
|
7 |
|a historické mapy
|7 fd186723
|2 czenas
|
| 700 |
1 |
|
|a Haase, Rudolf,
|d 1811-1888
|4 pbl
|
| 700 |
1 |
|
|a Haase, Ludwig,
|d 1801-1868
|7 jx20081001003
|4 pbl
|
| 740 |
0 |
2 |
|a Längen Profil der 32225 Klafter langen Eisenbahn von Budweis bis zum Scheidungspunkte des Gebirges oberhalb Leopoldschlag
|
| 740 |
0 |
2 |
|a Längen Profil der k.k. Chaussée von Budweis bis zum Scheidungspunkte des Gebirges oberhalb Leopoldschlag
|
| 856 |
4 |
1 |
|u http://www.digitalniknihovna.cz/mzk/uuid/uuid:a58a98cc-1b26-4bfd-8d22-d759e71ea099
|y Digitalizovaný dokument
|
| 910 |
|
|
|a BOA001
|b STMpa-1257.709
|
| 978 |
|
|
|b Haase, Bohumil - synové
|a Praha
|c 1830
|
| 984 |
|
|
|a Praha
|b Česko
|
| 985 |
|
|
|a 1801-1850
|
| 990 |
|
|
|a MP
|
| 991 |
|
|
|k mzk
|
| 996 |
6 |
|
|b 2610465104
|c STMpa-1257.709
|l stud. ST
|r Sklad / do násl. otevíracího dne
|n 0
|w 001167777
|u 000010
|a 1
|e BOA001
|s P
|